<?xml version="1.0" encoding="UTF-8"?>
<collection xmlns="http://www.loc.gov/MARC21/slim">
<record>
  <controlfield tag="001">145379</controlfield>
  <controlfield tag="005">20241024135331.0</controlfield>
  <datafield tag="024" ind1="8" ind2=" ">
    <subfield code="2">sideral</subfield>
    <subfield code="a">140154</subfield>
  </datafield>
  <datafield tag="037" ind1=" " ind2=" ">
    <subfield code="a">ART-2011-140154</subfield>
  </datafield>
  <datafield tag="041" ind1=" " ind2=" ">
    <subfield code="a">spa</subfield>
  </datafield>
  <datafield tag="100" ind1=" " ind2=" ">
    <subfield code="a">Colón Mur, María Alegría</subfield>
    <subfield code="0">(orcid)0000-0002-6358-0597</subfield>
  </datafield>
  <datafield tag="245" ind1=" " ind2=" ">
    <subfield code="a">Casa Huete. Muñopepe, Ávila</subfield>
  </datafield>
  <datafield tag="260" ind1=" " ind2=" ">
    <subfield code="c">2011</subfield>
  </datafield>
  <datafield tag="520" ind1="3" ind2=" ">
    <subfield code="a">La CASA HUETE se sitúa a los pies de la sierra de Ávila en la localidad de Muñopepe, en el estrecho límite entre las estribaciones montañosas y el municipio. Montes conformados por “bolos” graníticos, por inmensas masas redondeadas de piedra que van cayendo y se depositan a lo largo de la falda de la montaña. La CASA HUETE responde a este límite domesticando las últimas rocas del monte, se generan piezas primásticas huecas, apoyadas entre ellas al igual que los “bolos” graníticos son independientes en su concepción pero totalmente necesitadas unos de otros. Se forman fisuras de luz entre ellas…, poco a poco van habitando el límite entre el pueblo y el monte, entre lo artificial y lo natural. La CASA HUETE se deposita en este límite, saltando la tapia de ladrillo y conformando espacios diurnos en los niveles inferiores y espacios más privados en el nivel superior…</subfield>
  </datafield>
  <datafield tag="540" ind1=" " ind2=" ">
    <subfield code="9">info:eu-repo/semantics/closedAccess</subfield>
    <subfield code="a">All rights reserved</subfield>
    <subfield code="u">http://www.europeana.eu/rights/rr-f/</subfield>
  </datafield>
  <datafield tag="655" ind1=" " ind2="4">
    <subfield code="a">info:eu-repo/semantics/article</subfield>
    <subfield code="v">info:eu-repo/semantics/publishedVersion</subfield>
  </datafield>
  <datafield tag="700" ind1=" " ind2=" ">
    <subfield code="a">Blanco Herrero, Arturo Javier</subfield>
  </datafield>
  <datafield tag="773" ind1=" " ind2=" ">
    <subfield code="g">37 (2011), 29-36</subfield>
    <subfield code="p">Conarquitectura (Madrid)</subfield>
    <subfield code="t">Conarquitectura (Madrid)</subfield>
    <subfield code="x">1578-0201</subfield>
  </datafield>
  <datafield tag="856" ind1="4" ind2="1">
    <subfield code="u">https://conarquitectura.es/producto/ca37_04-casa-huete/</subfield>
    <subfield code="z">Texto completo de la revista</subfield>
  </datafield>
  <datafield tag="856" ind1="4" ind2=" ">
    <subfield code="s">7179949</subfield>
    <subfield code="u">http://zaguan.unizar.es/record/145379/files/texto_completo.pdf</subfield>
    <subfield code="y">Versión publicada</subfield>
  </datafield>
  <datafield tag="856" ind1="4" ind2=" ">
    <subfield code="s">5329459</subfield>
    <subfield code="u">http://zaguan.unizar.es/record/145379/files/texto_completo.jpg?subformat=icon</subfield>
    <subfield code="x">icon</subfield>
    <subfield code="y">Versión publicada</subfield>
  </datafield>
  <datafield tag="909" ind1="C" ind2="O">
    <subfield code="o">oai:zaguan.unizar.es:145379</subfield>
    <subfield code="p">articulos</subfield>
    <subfield code="p">driver</subfield>
  </datafield>
  <datafield tag="951" ind1=" " ind2=" ">
    <subfield code="a">2024-10-24-12:11:40</subfield>
  </datafield>
  <datafield tag="980" ind1=" " ind2=" ">
    <subfield code="a">ARTICLE</subfield>
  </datafield>
</record>
</collection>